[Event "Verona op-B"]
[Site "Verona"]
[Date "2019.01.05"]
[Round "5"]
[White "Negro, Raffaele"]
[Black "Podgornik, Massimo"]
[Result "1/2-1/2"]
[WhiteElo "1842"]
[BlackElo "1728"]
[PlyCount "113"]
[EventDate "2019.01.02"]
[EventType "swiss"]
[EventRounds "7"]
[EventCountry "ITA"]
[SourceTitle "CBM 188 Extra"]
[Source "ChessBase"]
[SourceDate "2019.02.26"]
[SourceVersion "1"]
[SourceVersionDate "2019.02.26"]
[SourceQuality "1"]

1. d4 Nf6 2. Bf4 e6 3. e3 d5 4. Nd2 Bd6 5. Bg3 b6 6. c3 Bb7 7. Bd3 h5 8. Ngf3 Ne4 9. Bh4 Be7 10. Bxe7 Qxe7 11. Qc2 Nxd2 12. Qxd2 Nd7 13. 0-0-0 0-0-0 14. Qe2 Kb8 15. e4 dxe4 16. Bxe4 c6 17. Rhe1 Nf6 18. Bd3 Nd5 19. g3 Rc8 20. Qe5+ Ka8 21. Qxg7 Rhg8 22. Qe5 c5 23. Kb1 Nxc3+ 24. bxc3 Bxf3 25. Be4+ Bxe4+ 26. Qxe4+ Qb7 27. Qxb7+ Kxb7 28. d5 Rge8 29. dxe6 Rxe6 30. Rxe6 fxe6 31. Re1 Rf8 32. f4 Rf6 33. Re5 h4 34. Rh5 hxg3 35. hxg3 Kc6 36. a4 Rg6 37. g4 Rxg4 38. f5 exf5 39. Rxf5 Rxa4 40. Kb2 Rh4 41. Rg5 Kb5 42. Kb3 a5 43. Rg3 c4+ 44. Ka3 Rh6 45. Rf3 Rh1 46. Rg3 Rd1 47. Rg5+ Ka6 48. Rg8 Rd3 49. Kb2 a4 50. Kc2 Rd7 51. Ra8+ Ra7 52. Rc8 Kb5 53. Kb2 Rd7 54. Rh8 Rd5 55. Kc2 Kc6 56. Rc8+ Kb5 57. Rh8 1/2-1/2

[Event "Verona op-B"]
[Site "Verona"]
[Date "2019.01.02"]
[Round "1"]
[White "Podgornik, Massimo"]
[Black "Gulinelli, Euro"]
[Result "1-0"]
[WhiteElo "1728"]
[BlackElo "1607"]
[PlyCount "107"]
[EventDate "2019.01.02"]
[EventType "swiss"]
[EventRounds "7"]
[EventCountry "ITA"]
[SourceTitle "CBM 188 Extra"]
[Source "ChessBase"]
[SourceDate "2019.02.26"]
[SourceVersion "1"]
[SourceVersionDate "2019.02.26"]
[SourceQuality "1"]

1. e4 c6 2. d4 d5 3. exd5 cxd5 4. Bd3 Nf6 5. Bf4 e6 6. Nf3 Bd6 7. Bxd6 Qxd6 8. 0-0 0-0 9. Nbd2 Nc6 10. c3 Re8 11. Re1 a6 12. a4 Bd7 13. Ne5 Ne7 14. f4 Rec8 15. Qf3 Be8 16. Qh3 b5 17. axb5 axb5 18. Nb3 b4 19. Nc5 bxc3 20. bxc3 Rcb8 21. Qf3 Nd7 22. Rxa8 Rxa8 23. Ncxd7 Bxd7 24. c4 Be8 25. c5 Qc7 26. Qf2 Nc6 27. Rb1 Nxe5 28. fxe5 Ra3 29. Qc2 g6 30. Bb5 Bxb5 31. Rxb5 Ra1+ 32. Rb1 Rxb1+ 33. Qxb1 Qc6 34. h3 Qa4 35. Qb2 Kg7 36. Qc3 Qc6 37. Kh2 h5 38. Qb4 h4 39. Qe1 g5 40. Qf2 f5 41. exf6+ Kf7 42. g3 Qc7 43. Kg2 hxg3 44. Qxg3 Qxg3+ 45. Kxg3 Kxf6 46. Kg4 e5 47. c6 Ke6 48. dxe5 d4 49. Kf3 d3 50. Ke3 d2 51. Kxd2 Ke7 52. Ke3 Kd8 53. Ke4 Kc7 54. Kd5 1-0

[Event "Condino op 13th"]
[Site "Condino"]
[Date "2013.07.21"]
[Round "1"]
[White "Dittmar, Peter"]
[Black "Podgornik, Massimo"]
[Result "1-0"]
[WhiteElo "2332"]
[BlackElo "1877"]
[PlyCount "43"]
[EventDate "2013.07.21"]
[EventType "swiss"]
[EventRounds "7"]
[EventCountry "ITA"]
[SourceTitle "EXT 2015"]
[Source "ChessBase"]
[SourceDate "2014.11.20"]
[SourceVersion "1"]
[SourceVersionDate "2014.11.20"]
[SourceQuality "1"]

1. e4 c5 2. Nf3 g6 3. c3 Bg7 4. d4 cxd4 5. cxd4 Nf6 6. Nc3 d5 7. exd5 Nbd7 8. Bc4 Nb6 9. Bb3 Nfxd5 10. 0-0 0-0 11. Re1 h6 12. Ne5 Be6 13. Nxg6 Nxc3 14. bxc3 Bxb3 15. Qxb3 Re8 16. Ne5 e6 17. Re3 h5 18. Qd1 Nd5 19. Rg3 h4 20. Rxg7+ Kxg7 21. Qg4+ Kh7 22. Qh5+ 1-0

[Event "Udine Oro Caffe op 3rd"]
[Site "Udine"]
[Date "2010.07.09"]
[Round "5"]
[White "Podgornik, Massimo"]
[Black "Visintin, Roberto"]
[Result "0-1"]
[WhiteElo "1491"]
[BlackElo "2031"]
[PlyCount "84"]
[EventDate "2010.07.05"]
[EventType "swiss"]
[EventRounds "7"]
[EventCountry "ITA"]
[SourceTitle "EXT 2024"]
[Source "ChessBase"]
[SourceDate "2023.10.10"]
[SourceVersion "1"]
[SourceVersionDate "2023.10.10"]
[SourceQuality "1"]

1. d4 d5 2. c4 e6 3. Nc3 Be7 4. Nf3 Nf6 5. Bg5 Nbd7 6. e3 c6 7. Qc2 b6 8. Bd3 Bb7 9. 0-0 0-0 10. cxd5 cxd5 11. Rac1 a6 12. Bf4 Rc8 13. Qb1 b5 14. Nd2 Qb6 15. b4 Bd6 16. Ne2 Rxc1 17. Rxc1 Rc8 18. Rxc8+ Bxc8 19. Qc2 Bb7 20. a3 e5 21. dxe5 Nxe5 22. Bxe5 Bxe5 23. Nf3 Bd6 24. Ned4 Bf8 25. Ne5 Qd6 26. f4 Ne4 27. Nec6 Bxc6 28. Qxc6 Qxc6 29. Nxc6 Bd6 30. Bxe4 dxe4 31. g4 f6 32. h3 Kf7 33. Kf1 Ke6 34. Ke2 Kd5 35. Nd4 Bxf4 36. Nxb5 axb5 37. exf4 g6 38. f5 gxf5 39. gxf5 Ke5 40. Ke3 Kxf5 41. a4 bxa4 42. b5 Ke5 0-1

[Event "Udine Oro Caffe op 3rd"]
[Site "Udine"]
[Date "2010.07.08"]
[Round "4"]
[White "Bisaro, Andrea"]
[Black "Podgornik, Massimo"]
[Result "1/2-1/2"]
[WhiteElo "1721"]
[BlackElo "1491"]
[PlyCount "37"]
[EventDate "2010.07.05"]
[EventType "swiss"]
[EventRounds "7"]
[EventCountry "ITA"]
[SourceTitle "EXT 2024"]
[Source "ChessBase"]
[SourceDate "2023.10.10"]
[SourceVersion "1"]
[SourceVersionDate "2023.10.10"]
[SourceQuality "1"]

1. d4 Nf6 2. c4 e5 3. dxe5 Ng4 4. Bf4 Nc6 5. Nf3 Bb4+ 6. Nc3 Bxc3+ 7. bxc3 Qe7 8. Qd5 f6 9. exf6 Nxf6 10. Qd1 d6 11. e3 0-0 12. Be2 Ne4 13. Rc1 a5 14. a4 Bd7 15. Nd4 Ne5 16. 0-0 Nc5 17. Nb5 Bf5 18. Bxe5 dxe5 19. f3 1/2-1/2